000 00668nam a2200253Ia 4500
003 OSt
005 20221005050641.0
006 a|||||r|||| 00| 0
007 ta
008 221004b |||||||| |||| 00| 0 urd d
020 _c100
024 _a30973
037 _cTextual
040 _aCRL
_cCRL
_burd
041 _2urd
_aurd
082 _aO168,3N04,AA, M8
100 _aJafari Raees Ahmad Au.
_9181268
245 0 _aAanch
260 _aLahore
_bMaqbool academy Pakistan
_c1988
300 _a333p.
_ccm.
650 _aURDU FICTION
_93298
942 _hO168,3N04,AA, M8
_cTEXL
_2cc
999 _c957423
_d957423